000
00224 a2200097 4500
001
47686
100
_a
Scholes P
245
_a
The listeners guide to music
260
_a
London
_b
Oxford university
_c
090
_c
30692
_d
30692
942
_a
NUST-CAE
_c
M
_c
22994
999
_c
282759
_d
282759